01039nam a2200205 a 450000100100000000500170001000800410002704000250006808200150009311000200010824000170012824502760014525001410042126000270056230000170058950000320060604900090063895201690064799900170081600003457520200930073757.0111010s1841 sp 000 0 spa d aDO-SdBNPbspacBNPHU axxxxbE77r1 aEspaña.9452410a[Leyes etc.]10aRecopilación de leyes de los reinos de las indias mandada imprimir y publicar por la Magestad católica del rey don Carlos II. nuestro señor, va dividida en cuatro tomos, con el índice general, y al principio de cada tomo el especial de los títulos que contiene. a5a ed.bCon aprobacion de la regencia provisional del reino. Corregida y aprobada por la Sala de Indias del Tribunal Supremo de Justica. aMadrid :bBoix,c1841. av. ;c31 cm. aLa biblioteca posee el v. 3 aBNGR 001050718MOaGRbGRcCTd2011-10-10iLF1l0ov. 3p34575-10r2020-06-25w2020-06-25y1zPerteneció a la biblioteca personal de Julio Ortega FrierZNo se presta c34066d34066